00901 a2200193 4500003000500000005001700005010001600022020002000038020001900058040000900077082001200086100002400098245006400122260007400186300003300260440004300293505034700336650002400683NUST20230118131034.0 a 85004262 a 8131711269 pbk a8131711269 pbk cNust00a410,COU1 aCoulthard, Malcolm.13aAn introduction to discourse analysis /cMalcolm Coulthard. aBurnt Mill, Harlow, Essex, England :bLongman,c1985 printing, c1977. axv, 195 p. :bill. ;c22 cm. 0aApplied linguistics and language study aIntroduction (Page-1), Speech Acts and Conversational Maxims (Page-13), The Ethnography of Speaking (Page-33), Conversational Analysis (Page-59), Intonation (Page-96), A Linguistic Approach (Page-120), Discourse Analysis and Language Teaching (Page-146), The Acquisition of Discourse (Page-160), The Analysis of Literary Discourse (Page-179). 0aDiscourse analysis.